Tous les cantons des Hautes-Alpes sur une carte - Statistiques

Statistiques générales
  • Ce quiz a été pris 91 fois
  • Le résultat moyen est 11 sur 15
Réponses sur la Carte
Les réponses sont colorées sur une échelle allant du rouge au vert en fonction du pourcentage des utilisateurs qui les ont devinées à leur premier essai. Vous pouvez retrouver ces pourcentages ci-dessous.
 
Statistiques - réponses
Canton % Correct
Gap-1
100%
Gap-2
100%
Gap-3
100%
Gap-4
100%
Briançon-1
94%
Briançon-2
94%
Embrun
86%
Chorges
62%
Tallard
58%
Veynes
58%
Guillestre
56%
L'Argentière-la-Bessée
48%
Saint-Bonnet-en-Champsaur
46%
Laragne-Montéglin
42%
Serres
42%
Aucun quiz correspondant
Distribution des résultats
% des personnes avec chaque résultat
Percentile par nombre de réponses
Votre historique - résultats
Vous n’avez pas pris ce quiz